1969 1312 1467 1009 1814 1953 1152 1977 1652 1356 1843 1592 1929 1942 1387 1491 1985 1102 1324 1086 1468 1746 1619 1999 1715 1562 1421 1078 1998 1540 1161 1739 1834 1598 1954 1296 1723 1040 1765 1611 1395 1036 1327 1165 1134 1709 1736 1442 1289 1727 1724 1663 1065 1788 1743 1309 1572 1954 1460 1223 1824 1890 1380 1129 1372 1911 1880 1543 1277 1775 1729 1157 1429 1199 1229 1483 1355 1613 1705 1404 1599 1173 1889 1423 1046 1185 1281 1075 1454 1600 1698 1737 1456 1790 1092 1238 1509 1170 1127 BCNSPRNW ULIB Ver.6.0+V

เปลี่ยนเป็นภาษาไทย

Change to English
 แสดงรายละเอียดบรรณานุกรม
  กลับหน้าหลัก

Brief Record : Get Marc (ISO 2709) : E-mail record : QR code < ปิดหน้าต่าง
LEADER : 00000nam 2200000uu 4500
001    13399120101
003     ULIB
008    120830s2553||||th 000 0 tha d
020    ^a9749770706(ล.1)
060  4 ^aWY150^bซ166ก ล1
100 0  ^aชมนาด วรรณพรสิริ
245 00 ^aการพยาบาลผู้ใหญ่ เล่ม1/^cบรรณาธิการ:ชมนาด วรรณพรสิริ,วราภรณ์ สัตยวงศ์
250    ^aพิมพ์ครั้งที่ 3
260    ^aนนทบุรี:^bโครงการสวัสดิการวิชาการ สถาบันพระบรมราชชนก,^c2553
300    ^a345 หน้า:^bภาพประกอบ
650  7 ^aการพยาบาลโรคเฉพาะทาง
650  7 ^aการพยาบาลผู้ใหญ่
710 1  สถาบันพระบรมราชชนก.^bโครงการสวัสดิการวิชาการ
945    ^p320^l0^i19358
945    ^p320^l0^i19359
945    ^p320^l0^i19360
945    ^p320^l0^i19361
945    ^p320^l0^i19362
995    ^aทศพร
999    ^aทศพร เกษรทอง
รายการนี้ยังไม่มีแท็ก
คุณยังไม่ได้ล็อกอิน คุณสามารถมีกิจกรรมร่วมกับเว็บไซต์ได้ แต่ต้องล็อกอินก่อน ::
  ล็อกอิน

รายการสื่อสารสนเทศ

ลำดับที่ ประเภท เลขเรียก/บาร์โค้ด สถานที่ สถานะ
1. Book การพยาบาล
Book การพยาบาล
WY150 ซ166ก ล1 ฉ.1 
  Barcode: 19358
ห้องสมุดวิทยาเขตนครสวรรค์
►ส่วนจัดเก็บหนังสือเก่า นว.
บนชั้น
  ขอยืม
2. Book การพยาบาล
Book การพยาบาล
WY150 ซ166ก ล1 ฉ.2 
  Barcode: 19359
ห้องสมุดวิทยาเขตนครสวรรค์
►ส่วนจัดเก็บหนังสือเก่า นว.
บนชั้น
  ขอยืม
3. Book การพยาบาล
Book การพยาบาล
WY150 ซ166ก ล1 ฉ.3 
  Barcode: 19360
ห้องสมุดวิทยาเขตนครสวรรค์
►ส่วนจัดเก็บหนังสือเก่า นว.
บนชั้น
  ขอยืม
4. Book การพยาบาล
Book การพยาบาล
WY150 ซ166ก ล1 ฉ.4 
  Barcode: 19361
ห้องสมุดวิทยาเขตนครสวรรค์
►ส่วนจัดเก็บหนังสือเก่า นว.
บนชั้น
  ขอยืม
5. Book การพยาบาล
Book การพยาบาล
WY150 ซ166ก ล1 ฉ.5 
  Barcode: 19362
ห้องสมุดวิทยาเขตนครสวรรค์
►ส่วนจัดเก็บหนังสือเก่า นว.
บนชั้น
  ขอยืม

รายการใกล้เคียง
    ผู้แต่ง [ชมนาด วรรณพรสิริ]

    หัวเรื่อง [การพยาบาลโรคเฉพาะทาง]
    หัวเรื่อง [การพยาบาลผู้ใหญ่]

BibComment


ยังไม่เคยถูกคอมเมนท์

คอมเมนท์ทรัพยากรรายการนี้
  คอมเมนท์: การพยาบาลผู้ใหญ่..


 Copyright 2026. Bcnsprnw @Library